| Tag |
First Indicator |
Second Indicator |
Subfields |
| LEADER |
00000cam a22000001i 4500 |
| 001 |
in00004031349 |
| 005 |
20190416173840.0 |
| 006 |
m |o d | |
| 007 |
cr |n||||||||| |
| 008 |
180430s2018 enk ob 001 0 eng d |
| 020 |
|
|
|a 9781315146461 (electronic bk.)
|
| 020 |
|
|
|a 1315146460 (electronic bk.)
|
| 020 |
|
|
|z 9781138505247
|
| 020 |
|
|
|z 1138505242
|
| 020 |
|
|
|z 9781138505254
|
| 020 |
|
|
|z 1138505250
|
| 024 |
8 |
|
|a 40028110784
|
| 035 |
|
|
|a (NhCcYBP)ybp15053242
|
| 040 |
|
|
|a NhCcYBP
|c NhCcYBP
|d UtOrBLW
|
| 050 |
|
4 |
|a BF175.5.S92
|b C58 2018
|
| 082 |
0 |
4 |
|a 150.19/5
|2 23
|
| 100 |
1 |
|
|a Civitarese, Giuseppe,
|d 1958-
|e author.
|0 http://id.loc.gov/authorities/names/n2010180837
|
| 245 |
1 |
0 |
|a Sublime subjects :
|b aesthetic experience and intersubjectivity in psychoanalysis /
|c Giuseppe Civitarese.
|
| 264 |
|
1 |
|a Abingdon, Oxon ;
|a New York, NY :
|b Routledge, an imprint of the Taylor & Francis Group,
|c 2018.
|
| 300 |
|
|
|a 1 online resource.
|
| 336 |
|
|
|a text
|b txt
|2 rdacontent
|
| 337 |
|
|
|a computer
|b c
|2 rdamedia
|
| 338 |
|
|
|a online resource
|b cr
|2 rdacarrier
|
| 490 |
1 |
|
|a New library of psychoanalysis 'Beyond the couch' book series
|
| 500 |
|
|
|a "Translated into English by Adam Elgar"--Verso title page.
|
| 504 |
|
|
|a Includes bibliographical references and index.
|
| 505 |
0 |
|
|a Acknowledgements -- Introduction -- Bion and the sublime: the origins of an aesthetic paradigm -- On sublimation -- Masochism and its rhythm -- Whirlpools, rhythms, ideas : aesthetic experience and intersubjective constitution of the individual -- Hypochondria and the politics of narcissism -- Dora: the postscripts -- Where does the reality principle begin? : the work of margins in Freud's "formulations on the two principles of mental functioning" -- Truth as immediacy and unison : a new common ground in psychoanalysis? commentaries on essays addressing "is truth relevant?" -- Notes -- Bibliography -- Index.
|
| 588 |
|
|
|a Description based on print version record.
|
| 500 |
|
|
|a Electronic resource.
|
| 600 |
1 |
0 |
|a Bion, Wilfred R.
|q (Wilfred Ruprecht),
|d 1897-1979.
|0 http://id.loc.gov/authorities/names/n50009383
|
| 650 |
|
0 |
|a Sublimation (Psychology)
|0 http://id.loc.gov/authorities/subjects/sh85129474
|
| 650 |
|
0 |
|a Psychoanalysis.
|0 http://id.loc.gov/authorities/subjects/sh85108411
|
| 655 |
|
7 |
|a Electronic books.
|2 local
|
| 710 |
2 |
|
|a Taylor & Francis.
|0 http://id.loc.gov/authorities/names/n84073022
|
| 776 |
1 |
8 |
|i Online version:
|a Civitarese, Giuseppe, 1958-
|t Sublime subjects
|d New York : Routledge, 2018
|z 9781315146461
|w (DLC) 2017055433
|
| 776 |
1 |
8 |
|c Original
|z 9781138505247
|z 1138505242
|z 9781138505254
|z 1138505250
|w (DLC) 2017028745
|
| 830 |
|
0 |
|a New library of psychoanalysis.
|p 'Beyond the Couch' series.
|0 http://id.loc.gov/authorities/names/no2014132182
|
| 856 |
4 |
0 |
|u http://proxy.library.tamu.edu/login?url=https://www.taylorfrancis.com/books/9781315146461
|z Connect to the full text of this electronic book
|t 0
|
| 955 |
|
|
|a YBP purchased approval e-records
|
| 980 |
|
|
|b 154.00
|g 1
|
| 999 |
f |
f |
|s 492e3b6a-30c5-34e8-ad90-e7d066af59cf
|i f4a8f028-dfcf-34d3-92c0-74808c526830
|t 0
|
| 952 |
f |
f |
|a Texas A&M University
|b College Station
|c Electronic Resources
|d Available Online
|t 0
|e BF175.5.S92 C58 2018
|h Library of Congress classification
|
| 998 |
f |
f |
|a BF175.5.S92 C58 2018
|t 0
|l Available Online
|